000
00269nam a22001217a 4500
008
180904b xxu||||| |||| 00| 0 eng d
041
_a
eng
080
_a
591
100
_a
7
101
_a
ZOO
245
_a
Reproduction in Farm Animals
_c
Hafez, E.S.E
942
_2
udc
_c
BK
999
_c
47526
_d
47526